LEADER 01289nam a2200241 i 4500 001 000000163187 003 CaOOAMICUS 005 20240409153445.0 008 070719n it u000 u ita u 013 $a140551 040 $aSeMil$bita 100 1 $aCrispolti, Filippo <1857-1942>.$0(OLS)http://semarc/name/42713 245 10$aGrandi anime :$bdiscorsi commemorativi /$cFilippo Crispolti. 260 $aTivoli :$bStabilimento tipografico Mantero,$c[19--?] 300 $a383 p. ;$c22 cm. 500 $aIn mezzo al front.: Alessandro Manzoni, Benedetto XV, Cristoforo Colombo, Don Andrea Beltrami, Giosuč Carducci, Mons. Davide Riccardi, San Giuseppe Calasanzio, Antonio Fogazzaro, Suor Maria Mazzarello, Silvio Pellico, Don Davide Albertario, Card. Giovanni Bona, Anton Federico Ozanam, Antonio Manno, Card. Alfonso Capecelatro, Pio VII, Beato Giuseppe Cottolengo 650 4$aDiscorsi - Antologie.$0(OLS)http://semarc/subject/54615 850 $aSeMil 852 $aSeMil$W1$xVenegono$y1$m1B IV 194$j247522$B114501$CSeMilBibl$Z2$F125308 $81 961 $aRecupero: Altro 996 $6245$aGrandi anime :$bdiscorsi commemorativi$9(OLS)http://semarc/title/232806 996 $6260$aTivoli :$bStabilimento tipografico Mantero$9(OLS)http://semarc/publisher/48475 LEADER 00960nam a2200217 4500 001 000000346405 003 CaOOAMICUS 005 20210607141745.0 008 210603s1872 it 000 u ita r 040 $aSeMil$bita 100 1 $aMorandi, Felicita.$0(OLS)http://semarc/name/114039 245 10$aTeatro educativo per le fanciulle :$bL'abito non fa il monaco. Commediola in un atto /$cdi Felicita Morandi. 264 1$aMilano :$bGiacomo Agnelli,$c1872. 300 $a16 p. ;$c19 cm 500 $aIn copertina : num. 7 650 4$aLibretti d'opera - Italia.$0(OLS)http://semarc/subject/31500 850 $aSeMil 852 $aSeMil$W1$xVenegono$y1$m5D VIII 27/11$j226810$B237478$CSeMilBibl$Z2$F237478 $8I 996 $6245$aTeatro educativo per le fanciulle :$bL'abito non fa il monaco. Commediola in un atto$9(OLS)http://semarc/title/435605 996 $6264$aMilano :$bGiacomo Agnelli$9(OLS)http://semarc/publisher/31323